Quiz sur l'histoire moderne de l'Asie de l'Est - Statistiques

Statistiques générales
  • Ce quiz a été pris 33 fois
  • Le résultat moyen est 4 sur 9
Statistiques - réponses
Hint Réponse % Correct
Capitale de la Mongolie Oulan-Bator
83%
Dates de la Guerre de Corée 1950-1953
59%
L'inventeur de l'imprimerie de métal Corée
59%
Quel pays a fait le plus de participations à la Coupe du monde de football ? Corée du Sud
52%
En quelle année a lieu l'annexion de la Corée par le Japon ? 1910
45%
En quelle année le Japon gagne son indépendance des Etats-Unis ? 1952
34%
Dates de la guerre civile en Chine 1927-1949
17%
Quelle est la dernière dynastie à avoir gouverné en Chine de 1644 à 1912 ? Dynastie Qing
17%
Quel est le premier président de la Corée du Sud ? Rhee Syngman
14%
Aucun quiz correspondant
Distribution des résultats
% des personnes avec chaque résultat
Percentile par nombre de réponses
Votre historique - résultats
Vous n’avez pas pris ce quiz